000 00465nam a2200193Ia 4500
005 20250603144804.0
008 250603s9999 xx 000 0 und d
020 _a9788120347465
050 _aQA 377 .B37/
100 _aBasu, S.K.
245 0 _aDesign methods and analysis of algorithms
250 _a2nd ed.
260 _aNew Delhi
260 _bPHI Learning Private Limited.
260 _c2013
300 _a369 p
650 _aNew Delhi
942 _cBK
999 _c39952
_d39952